Lean sustainability : (Record no. 52312)

MARC details
000 -LEADER
fixed length control field 00725nam a2200253Ia 4500
005 - DATE AND TIME OF LATEST TRANSACTION
control field 20260429112106.0
008 - FIXED-LENGTH DATA ELEMENTS--GENERAL INFORMATION
fixed length control field 260429s9999||||xx |||||||||||||| ||und||
020 ## - INTERNATIONAL STANDARD BOOK NUMBER
International Standard Book Number 9781138584105
041 ## - LANGUAGE CODE
Language English
082 ## - DEWEY DECIMAL CLASSIFICATION NUMBER
Classification number 658.408
Item number CUD
100 ## - MAIN ENTRY--PERSONAL NAME
Personal name Cudney, Elizabeth A.
245 #0 - TITLE STATEMENT
Title Lean sustainability :
Remainder of title a pathway to a circular economy /
Statement of responsibility, etc Elizabeth A. Cudney
250 ## - EDITION STATEMENT
Edition statement 1st ed.
260 ## - PUBLICATION, DISTRIBUTION, ETC. (IMPRINT)
Place of publication, distribution, etc Boca Raton :
Name of publisher, distributor, etc CRC Press,
Date of publication, distribution, etc 2024.
300 ## - PHYSICAL DESCRIPTION
Extent xxi, 309 p.; pbk
440 ## - SERIES STATEMENT/ADDED ENTRY--TITLE
Title Cintinuous improvement series
650 ## - SUBJECT ADDED ENTRY--TOPICAL TERM
Topical term or geographic name as entry element Sustainability
650 ## - SUBJECT ADDED ENTRY--TOPICAL TERM
Topical term or geographic name as entry element Economy
700 ## - ADDED ENTRY--PERSONAL NAME
Personal name Furterer, Sandra L.
700 ## - ADDED ENTRY--PERSONAL NAME
Personal name Hundal, Gaganpreet S.
700 ## - ADDED ENTRY--PERSONAL NAME
Personal name Laux, Chad M.
700 ## - ADDED ENTRY--PERSONAL NAME
Personal name Agustiady, Tina Kanti
942 ## - ADDED ENTRY ELEMENTS (KOHA)
Koha item type Text Books
Holdings
Withdrawn status Lost status Damaged status Not for loan Collection code Home library Location Shelving location Date of Cataloging Source of acquisition Total Checkouts Full call number Barcode Date last seen Price effective from Koha item type
        Non-fiction CUTN Central Library CUTN Central Library Medicine, Technology & Management 29/04/2026 Atlantic Publishers and Distributors, Chennai - Invoice No. 3013317 on 17-02-2026   658.408 CUD 57388 29/04/2026 29/04/2026 Text Books